00563nam a2200181Ia 4500008004100000082002000041100001800061245002800079260002300107300000800130600001800138630002800156700001800184730002800202942000900230999002100239952012100260151018s9999 xx 000 0 und d bRBASDV2806a823 aGreen Grmham aGraham Green 19 stories b"Lion Book , Lnc." a192 aGreen Grmham aGraham Green 19 stories aGreen Grmham aGraham Green 19 stories cBOOK c1005222d1005219 00104070aRBASDVbRBASDVd2008-12-12g7.00l0oRBASDV2806pRBASDV2806r2015-10-18 00:00:00v7.00w2015-10-18yBOOK